Teatro en la escuela: instrumento para el maestro
Uloženo v:
| Hlavní autor: | |
|---|---|
| Médium: | Kniha |
| Jazyk: | španělština |
| Vydáno: |
Santiago
Olmué
2005
|
| Vydání: | 1a. ed |
| Témata: | |
| Tagy: |
Přidat tag
Žádné tagy, Buďte první, kdo vytvoří štítek k tomuto záznamu!
|
MARC
| LEADER | 00000nam a2200000 a 4500 | ||
|---|---|---|---|
| 001 | UCI9872 | ||
| 003 | CL-VaPUC | ||
| 008 | 081212e20050000CL |||||||||||||||||spa|d | ||
| 020 | |a 9568204083 | ||
| 082 | 0 | 4 | |a 372.66 |b CAB |2 21 |
| 100 | 0 | |a Cabrera Delgado, Luis |e author |9 533868 | |
| 245 | 1 | 0 | |a Teatro en la escuela: instrumento para el maestro |
| 250 | |a 1a. ed | ||
| 300 | |a 219 p | ||
| 942 | |c BK | ||
| 945 | |d 20081212 00:00:00 |a jtorresc | ||
| 260 | |a Santiago |b Olmué |c 2005 | ||
| 650 | 0 | |a Teatro escolar |9 307647 | |
| 650 | 7 | |a TEATRO INFANTIL |2 CL-VaPUC |9 533869 | |
| 650 | 7 | |a LITEARTURA INFANTIL |2 CL-VaPUC |9 533870 | |
| 650 | 0 | |a Educación básica |9 224933 | |
| 650 | 0 | |a Métodos de enseñanza |9 270413 | |
| 650 | 0 | |a Educadores |9 314091 | |
| 583 | |a last modification |c 20081212 00:00:00 |k Rodrigo Vera | ||
| 999 | |c 332319 |d 332317 | ||
| 952 | |0 0 |1 0 |4 0 |6 372_660000000000000_CAB_2005 |7 0 |8 A |9 419927 |a BIBEDU |b BIBEDU |d 2019-11-22 |i 450562K |o 372.66 CAB 2005 |p 450562K |r 2019-11-22 |w 2019-11-22 |y BK |k EBA | ||